000 00766nam a2200277Ia 4500
003 OSt
005 20220912145758.0
006 a|||||r|||| 00| 0
007 ta
008 220909b |||||||| |||| 00| 0 eng d
024 _a75738
037 _b1714, 20/02/2007, Unilib Book Distributors
037 _cTextual
040 _aCSL
_beng
_cCSL
041 _aeng
082 _aA0Y1, J2
100 _aMeister Morris
245 0 _aScience for a better world
260 _c1952
300 _ap.
_ccm.
650 _aScience
700 _a Keirstead Ralph
700 _a Shofmaker Lois M
942 _hA0Y1, J2
_cTEXL
_2CC
999 _c38055
_d38055